000 00314cam a2200145ua 4500
001 3723
008 131204n II |||gr||||Z||||||asm
040 _aMAIN
041 _aEnglish
082 _a330 DAS
100 _aDAS, SAITANATH.
245 _aPRATHAMIK ARTHABIGYAN (PART-1)
653 _aEconomics
942 _cBK
999 _c3710
_d3710